Composers and their Works - New and Improved Version - Statistics

General Stats
  • This quiz has been taken 69 times
    57 since last reset
  • The average score is 8 of 20
Answer Stats
Piece Composer % Correct
Ode to Joy Ludwig van Beethoven
97%
Canon in D Johann Pachelbel
84%
Ride of the Valkyries Richard Wagner
74%
Peer Gynt Suite Edvard Grieg
71%
The Planets Suite Gustav Holst
68%
Brandenburg Concertos J.S. Bach
66%
Porgy and Bess George Gershwin
58%
Pomp and Circumstance March Edward Elgar
45%
Raindrop Prelude Frédéric Chopin
45%
Adagio for Strings Samuel Barber
45%
Zadok the Priest G.F. Handel
37%
Fingal's Cave Felix Mendelssohn
32%
Take 5 Dave Brubeck
29%
Die Forelle Franz Schubert
29%
Variations on a Theme by Robert Schumann Clara Schumann
16%
Sleep Eric Whitacre
11%
Sonata for Harp, Viola and Flute Claude Debussy
8%
The Gondoliers Gilbert and Sullivan
8%
Concerto Grosso for Strings (Palladio for Strings) Karl Jenkins
8%
Vertical Lateral Thinking Joe Hisaishi
0%
No matching quizzes found
Score Distribution
Percent of People with Each Score
Percentile by Number Answered
Your Score History
You have not taken this quiz since the last reset